00561nam a2200205Ia 450000500170000000800410001702000130005804000190007104100120009008200150010210000150011724500620013226000340019430000250022850400310025365000140028465100270029870000200032585000100034520230801135055.0131103s9999 xx 000 0 und d cRs 21.00 aLoreto College aEnglish a551.4bBOL aBolton , J aGeography through fieldworkcJ Bolton and P . A . Newbury aLondonbBlandford Pressc1967 a135pb ill. figures  aInclude glossary and index aGeography aMathematical geography aNwebury , P . A aLCLIB